Дело о службе актрисы немецкой труппы Констанции Винтер, по мужу Брюнинг

Доступно только в Электронных читальных залах Найти на картеНа карте
RUSMARC
00004310nmc2a22000003x 450
0015ff436b4-a271-4427-a3b3-27b1ac0307c3
00520181227125825.0
100##$a20170629l18481863k l0rusy0189 ca
1010#$arus
102##$aRU
2001#$aДело о службе актрисы немецкой труппы Констанции Винтер, по мужу Брюнинг
$j8 сентября 1848 г. - 28 мая 1863 г.
251##$cДело
300##$aПо Санкт-Петербургской дирекции за 1848 год
300##$aОриг. заголовок дела: Дело о службе состоявшей при санкт-петербургских театрах, уволенной актрисы немецкой труппы, пенсионерки Констанции Винтер-Десантис, с 1 мая, с удовлетворением жалованьем по контракту по 1 сентября 1863 года. 8 сентября 1848 г. - 28 мая 1863 г
801#0$aRU
$bРГИА
$c20170629
$gRCR
801#1$aRU
$bГлавНИВЦ
$c20170629
$2rusmarc
801#2$aRU
$bПБ им. Б.Н. Ельцина
$c20181227
$gRCR
$2rusmarc
850##$aРГИА
852##$aРГИА
$eФедеральное казенное учреждение "Российский государственный исторический архив" (РГИА)
$j11554
937##$hРГИА
$d12247717
$aASBIBLIO_SCAN
462#0$1001dd3991dc-24e1-42ec-8838-ca4255420416
$12001
$a1746-1850 гг.
$1251
$cОпись
$1852
$j1
461#0$10019264ebf8-de62-4f1a-9eb4-9f22098dbbd5
$12001
$aДирекция императорских театров МИДв
$1251
$cФонд
$1852
$j497
215##$a94 л.
$d36,5х26 см
371##$aДокумент не является опубликованным и широко распространяемым
105##$ay###
1222#$ad
5171#$aДело о службе состоявшей при санкт-петербургских театрах, уволенной актрисы немецкой труппы, пенсионерки Констанции Винтер-Десантис, с 1 мая, с удовлетворением жалованьем по контракту по 1 сентября 1863 года. 8 сентября 1848 г. - 28 мая 1863 г
035##$a5ff436b4-a271-4427-a3b3-27b1ac0307c3
856##$uhttp://readingroom.main.prlib.ru/item.aspx?id_node=n122510183&mode=full
Формат отображения